Plan of the road from Hyde Park Corner to Counter's Bridge made for the Kensington Turnpike Trustees by their Surveyor, Joseph Salway in the year 1811 (Record no. 116850)
[ view plain ]
| 000 -LEADER | |
|---|---|
| fixed length control field | 00946cem a22002175a 4500 |
| 001 - CONTROL NUMBER | |
| control field | L140362 |
| 008 - FIXED-LENGTH DATA ELEMENTS--GENERAL INFORMATION | |
| fixed length control field | 070919r18991811xxk a 0 f eng u |
| 035 ## - SYSTEM CONTROL NUMBER | |
| System control number | (Sirsi) u140362 |
| 041 0# - LANGUAGE CODE | |
| Language code of text/sound track or separate title | eng |
| 110 2# - MAIN ENTRY--CORPORATE NAME | |
| Corporate name or jurisdiction name as entry element | London Topographical Society |
| 9 (RLIN) | 106 |
| 245 00 - TITLE STATEMENT | |
| Title | Plan of the road from Hyde Park Corner to Counter's Bridge made for the Kensington Turnpike Trustees by their Surveyor, Joseph Salway in the year 1811 |
| Remainder of title | lithographed on thirty sheets from the original drawings in the British Museum for the London Topographical Society |
| Medium | [cartographic material] |
| 250 ## - EDITION STATEMENT | |
| Edition statement | Facsim. |
| 255 ## - CARTOGRAPHIC MATHEMATICAL DATA | |
| Statement of scale | Scale 1:240 |
| 260 ## - PUBLICATION, DISTRIBUTION, ETC. | |
| Place of publication, distribution, etc. | London |
| Name of publisher, distributor, etc. | London Topographical Society |
| Date of publication, distribution, etc. | 1899-1903 |
| 300 ## - PHYSICAL DESCRIPTION | |
| Extent | 1 map on 30 sheets |
| Other physical details | col. |
| Dimensions | 52 x 59 cm. or smaller |
| 500 ## - GENERAL NOTE | |
| General note | Lithographed by W. Grigs and Sons Ltd. |
| 651 4# - SUBJECT ADDED ENTRY--GEOGRAPHIC NAME | |
| Geographic name | London |
| 690 ## - LOCAL SUBJECT ADDED ENTRY--TOPICAL TERM (OCLC, RLIN) | |
| Topical term or geographic name as entry element | ENVIRONMENTAL AND LAND CONSULTANCY-GEOMATICS-MAPPING AND POSITIONING-CARTOGRAPHY |
| 700 1# - ADDED ENTRY--PERSONAL NAME | |
| Personal name | Salway, Joseph |
| 942 ## - ADDED ENTRY ELEMENTS (KOHA) | |
| Suppress in OPAC | 0 |
| Withdrawn status | Lost status | Source of classification or shelving scheme | Damaged status | Not for loan | Home library | Current library | Shelving location | Date acquired | Total Checkouts | Full call number | Barcode | Date last seen | Copy number | Price effective from | Koha item type |
|---|---|---|---|---|---|---|---|---|---|---|---|---|---|---|---|
| Dewey Decimal Classification | Historic collection | Historic collection | Historic collection | 19/09/2007 | MAP CABINET DRAWER 4 | 140362-2001 | 06/08/2019 | 1 | 06/08/2019 | Archive |